000 00575nam a2200217Ia 4500
003 OSt
005 20220928141834.0
006 a|||||r|||| 00| 0
007 ta
008 220927b |||||||| |||| 00| 0 eng d
024 _a18030
037 _cTextual
040 _aSDCL
_cSDCL
_beng
041 _2eng
_aeng
082 _aO15:gxD63,1, P2
100 _aPandey Krishnand
_9502459
245 0 _aKavyadarsh par ratanshri tika
_b Ek samikshan.
260 _c2002
942 _hO15:gxD63,1, P2
_cTEXL
_2CC
999 _c820303
_d820303